Focus (Record no. 83613)

MARC details
000 -LEADER
fixed length control field 01041cam a22001935a 4500
001 - CONTROL NUMBER
control field L154428
008 - FIXED-LENGTH DATA ELEMENTS--GENERAL INFORMATION
fixed length control field 111130e20111126xxk 000 0 eng d
035 ## - SYSTEM CONTROL NUMBER
System control number (Sirsi) u154428
041 0# - LANGUAGE CODE
Language code of text/sound track or separate title eng
100 1# - MAIN ENTRY--PERSONAL NAME
Personal name Pilkington, Lisa
245 00 - TITLE STATEMENT
Title Focus
Remainder of title Glasgow
260 ## - PUBLICATION, DISTRIBUTION, ETC.
Date of publication, distribution, etc. 2011
490 ## - SERIES STATEMENT
Series statement Estates Gazette
Volume/sequential designation (1147) 26 November 2011, 83-95(12)
520 ## - SUMMARY, ETC.
Summary, etc. Glasgow has a number of office and retail development and refurbishment schemes in the pipeline. Looks at whether hosting the Commonwealth Games and the Ryder Cup at Gleneagles 30 miles away in 2014 will have any benefit for the Glasgow, particularly its commercial property market. City centre residential compares sales and rents between Glasgow and Edinburgh and key residential development schemes in the city since 2007. Market health check lists office availability, take up and rents, industrial availability, rents and land values and retails rents.
590 ## - LOCAL NOTE (RLIN)
Local note KA
651 #4 - SUBJECT ADDED ENTRY--GEOGRAPHIC NAME
Geographic name Glasgow
690 ## - LOCAL SUBJECT ADDED ENTRY--TOPICAL TERM (OCLC, RLIN)
Topical term or geographic name as entry element PROPERTY-COMMERCIAL PROPERTY-COMMERCIAL PROPERTY MARKET
942 ## - ADDED ENTRY ELEMENTS (KOHA)
Suppress in OPAC 0
Holdings
Withdrawn status Lost status Source of classification or shelving scheme Damaged status Not for loan Home library Current library Shelving location Date acquired Total Checkouts Full call number Barcode Date last seen Copy number Price effective from Koha item type
    Dewey Decimal Classification     London London Journal article 30/11/2011   L154428 154428-1001 06/08/2019 1 06/08/2019 Journal article